Comparaison des degres d'eau irrogues sur le riz pha rumdoul a la station experimentale de l'universite royale d'agriculture, ប្រៀបធៀបកំរិតស្រោចស្រពលើដំណាំផ្ការំដូលនៅស្ថានីយ៍ពិសោធន៍សាកលវិទ្យាល័យភូមិន្ទកសិកម្ម (Record no. 1530)
[ view plain ]
| 000 -LEADER | |
|---|---|
| fixed length control field | 00731nam a22001577a 4500 |
| 003 - CONTROL NUMBER IDENTIFIER | |
| control field | OSt |
| 005 - DATE AND TIME OF LATEST TRANSACTION | |
| control field | 20150930154602.0 |
| 008 - FIXED-LENGTH DATA ELEMENTS--GENERAL INFORMATION | |
| fixed length control field | 150930b xxu||||| |||| 00| 0 eng d |
| 040 ## - CATALOGING SOURCE | |
| Transcribing agency | RUA |
| 082 ## - DEWEY DECIMAL CLASSIFICATION NUMBER | |
| Classification number | AGR REA 2008 B063 Or.1 |
| 100 ## - MAIN ENTRY--PERSONAL NAME | |
| 9 (RLIN) | 1620 |
| Personal name | REACH, SYDEN. |
| 245 ## - TITLE STATEMENT | |
| Title | Comparaison des degres d'eau irrogues sur le riz pha rumdoul a la station experimentale de l'universite royale d'agriculture, ប្រៀបធៀបកំរិតស្រោចស្រពលើដំណាំផ្ការំដូលនៅស្ថានីយ៍ពិសោធន៍សាកលវិទ្យាល័យភូមិន្ទកសិកម្ម |
| 260 ## - PUBLICATION, DISTRIBUTION, ETC. (IMPRINT) | |
| Place of publication, distribution, etc. | Phnom Penh |
| Name of publisher, distributor, etc. | RUA |
| Date of publication, distribution, etc. | 2008 |
| 300 ## - PHYSICAL DESCRIPTION | |
| Extent | 42p. |
| Other physical details | ill. |
| Dimensions | 2008 |
| 942 ## - ADDED ENTRY ELEMENTS (KOHA) | |
| Source of classification or shelving scheme | |
| Koha item type | AGR |
| Price effective from | Date last seen | Permanent Location | Not for loan | Date acquired | Source of classification or shelving scheme | Koha item type | Barcode | Lost status | Damaged status | Shelving location | Withdrawn status | Current Location | Full call number |
|---|---|---|---|---|---|---|---|---|---|---|---|---|---|
| 2015-09-30 | 2015-09-30 | Library Block B | 2015-09-30 | AGR | RUA009988 | B063 | Library Block B | AGR REA 2008 B063 Or.1 | |||||
| 2015-09-30 | 2015-09-30 | Library Block B | 2015-09-30 | AGR | RUA009916 | B063 | Library Block B | AGR REA 2008 B063 Or.2 | |||||
| 2015-09-30 | 2015-09-30 | Library Block B | 2015-09-30 | AGR | RUA009844 | B063 | Library Block B | AGR REA 2008 B063 Or.3 | |||||
| 2015-09-30 | 2015-09-30 | Library Block B | 2015-09-30 | AGR | RUA009772 | B063 | Library Block B | AGR REA 2008 B063 Or.4 | |||||
| 2015-09-30 | 2015-09-30 | Library Block B | 2015-09-30 | AGR | RUA009363 | B063 | Library Block B | AGR REA 2008 B063 Or.5 | |||||
| 2015-09-30 | 2015-09-30 | Library Block B | 2015-09-30 | AGR | RUA009855 | B063 | Library Block B | AGR REA 2008 B063 Or.6 | |||||
| 2015-09-30 | 2015-09-30 | Library Block B | 2015-09-30 | AGR | RUA009783 | B063 | Library Block B | AGR REA 2008 B063 Or.7 | |||||
| 2015-09-30 | 2015-09-30 | Library Block B | 2015-09-30 | AGR | RUA009993 | B063 | Library Block B | AGR REA 2008 B063 Or.8 |